000 00622nam a2200229 i 4500
001 C2-0307370
003 PPAK
005 20180728094054.0
008 110202s2008 nyu |||| ||||| | eng d
020 _a9780786838196
040 _aPPAK
_beng
_cPPAK
_erda
082 0 4 _a823
_223
090 0 0 _a823
_bLOC
_dLCK
100 0 _aE.Lockhart,
_eauthor
245 1 4 _aThe Disreputable History of :
_bfrankie landau banks
264 1 _aNew York :
_bHyperion Books ,
_c2008
300 _a345 pages ;
_c21 cm
336 _2rdacontent
_atext
337 _2rdamedia
_aunmediated
338 _2rdacarrier
_avolume
942 _ddc
_cB
999 _c110136
_d110136